00242nam a2200097Ia 4500008004100000100001600041245001800057260003400075300000800109650002700117190216s9999||||xx |||||||||||||| ||und|| aMenon K P S 4aThe Lampstand bOxford University Pressc1967 a337 aMiscellanious Writting